| 000 | 00623nam a2200229Ia 4500 | ||
|---|---|---|---|
| 008 | 170203s9999 xx 000 0 und d | ||
| 020 | _a9710871986 | ||
| 050 | _a658 | ||
| 050 | _b.M266p 2014 | ||
| 100 | _aManahan, Antonio Arturo C. | ||
| 245 | _aPrinciples of Management - Simplified / | ||
| 245 | _cManahan, Toribio, Viray Jr. | ||
| 250 | _aFirst Edition. | ||
| 260 | _aQuezon City : | ||
| 260 | _bNational Book Store. | ||
| 260 | _c2014 | ||
| 300 | _a174 pages : | ||
| 300 | _c26 cm. | ||
| 650 | _aManagement. | ||
| 700 | _aToribio, Mark Lester David, author | ||
| 700 | _aViray, Edilberto Jr., author. | ||
| 999 |
_c305473 _d305473 |
||